000 00731nab a2200205 4500
001 244442
003 OSt
005 20230726134815.0
007 tu
008 200917s2020|||||||
040 _aDE-2950
_cDE-2950
245 0 0 _aAugenzeuge bricht sein Schweigen.
_bMissbrauch. Ein heute 81-Jähriger war schockiert, als er vom Ausmaß der Taten durch den katholischen Pfarrer Werner Muschik erfuhr. Er erinnerte sich an einen Vorfall Anfang der 1970er-Jahre/
_cInes Weber-Rath
264 _c2023
653 _aFrankfurt (Oder)
653 _aKatholische Kirche
653 _aMissbrauch
653 _aWerner Muschik
773 0 _g34. Jahrgang (2023) Nr. 163 vom 15.07.2023, S. 17, mit Foto
_tMärkische Oderzeitung
942 _2z
_cA
999 _c372642
_d372642